000 01499nam a2200349 c 4500
003 BLK
005 20210716110046.0
008 180408b bul|||||r ||||||| ||bul||
010 _aKNG00080521000
020 _a954-739-366-9
_bиздат.: Захарий Стоянов
040 _aBLK
041 _aBUL
_cBUL
080 _aАнглийска литература
_b821.111
_x-93-31
_z821.111-93-31
100 1 _aСтивънсън, Робърт Луис
_eпърви автор
_9261903
700 1 _aНесторова, Весела
_eпрев. от англ.
_9371848
700 1 _aКехлибарева, Надя
_eпрев. на стиховете
_9371849
139 _aСтивънсън, Робърт Луис
_bС 76
245 1 0 _aОстровът на съкровищата
_bРоман
_cРобърт Луис Стивънсън; прев. от англ. Весела Несторова; прев. на стиховете Надя Кехлибарева.
250 _a8. изд.
257 _aGBR
260 София
_bЗахарий Стоянов
_c2003
_fСофия : Образование и наука
300 _a239 с.
_c22 см
380 _aDX
490 1 _aПоредица Арго
500 _aБез сведение за ориг. загл. - 1. изд. 1960 на изд. Нар. младеж
590 _aф
852 _aЦб 237753
856 4 _qpdf
_u
856 4 _qpdf
_u
942 _cKNG
_n0
_05
944 _aCR
_c17.01.2008
_kГеновева_Генчева
944 _aED
_c10.07.2012
_k
999 _c76095
_d76095